[Event "Hillerod Byturnering 2017 Basis 1"]
[Site "Hillerod"]
[Date "????.??.??"]
[Round "7"]
[White "Olsen, Kim Alex"]
[Black "Holm, Henrik"]
[Result "1-0"]
[WhiteElo "1694"]
[BlackElo "1804"]
[PlyCount "111"]
[EventDate "2017.??.??"]
[EventType "tourn"]
[EventRounds "7"]
[EventCountry "DEN"]

1. d4 Nf6 2. c4 Nc6 3. Nc3 e5 4. d5 Ne7 5. Bg5 Ng6 6. e4 Bb4 7. Qc2 h6 8. Bd2
O-O 9. a3 Be7 10. Nf3 d6 11. Be2 Nh7 12. Be3 b6 13. Na2 a5 14. Nd2 f5 15. exf5
Bxf5 16. Bd3 Bxd3 17. Qxd3 Qe8 18. g3 Nf6 19. h3 e4 20. Qc2 Ne5 21. O-O-O Nd3+
22. Kb1 b5 23. Nxe4 Nxe4 24. Qxd3 Nxf2 25. Bxf2 Rxf2 26. Rde1 bxc4 27. Qe3 Rf7
28. Nc3 Qd7 29. Qe6 Bf6 30. Qxd7 Rxd7 31. Nb5 a4 32. Kc2 Be5 33. g4 Ra5 34. Nc3
Ra8 35. Rhf1 c6 36. dxc6 Rc7 37. Nd5 Rf7 38. Rxf7 Kxf7 39. Rf1+ Bf6 40. h4 Kg6
41. Rf4 Bxh4 42. c7 Rc8 43. Rxc4 Bd8 44. cxd8=Q Rxd8 45. Rxa4 h5 46. Nf4+ Kh6
47. Nxh5 Rd7 48. Rd4 Kg5 49. Ng3 g6 50. Ne4+ Kf4 51. Nf6+ Ke5 52. Nxd7+ Kxd4
53. b4 Kc4 54. Nb6+ Kb5 55. Nd5 Kc4 56. Nf4 1-0

[Event "Hillerod Byturnering 2017 Basis 1"]
[Site "Hillerod"]
[Date "????.??.??"]
[Round "7"]
[White "Sorensen, Bernhard W"]
[Black "Nygaard, Soren"]
[Result "1-0"]
[WhiteElo "1724"]
[BlackElo "1751"]
[PlyCount "81"]
[EventDate "2017.??.??"]
[EventType "tourn"]
[EventRounds "7"]
[EventCountry "DEN"]

1. d4 Nf6 2. Bf4 d5 3. e3 c5 4. c3 Qb6 5. Qb3 c4 6. Qc2 g6 7. Nd2 Bf5 8. Qc1
Bg7 9. b3 cxb3 10. axb3 O-O 11. Ngf3 Nbd7 12. Nh4 Be6 13. Qa3 Nh5 14. Bg3 Nxg3
15. hxg3 Qd8 16. Bd3 a6 17. f4 f5 18. Nhf3 Nf6 19. Ne5 Rc8 20. Qc1 Ne4 21. Bxe4
fxe4 22. c4 Bxe5 23. dxe5 Qb6 24. Qc3 Rfd8 25. O-O-O Qc5 26. b4 Qa7 27. c5 Rc6
28. Nxe4 Bf5 29. Ng5 h5 30. e4 Be6 31. Nxe6 Rxe6 32. exd5 Rc8 33. dxe6 Rc6 34.
Rd8+ Kg7 35. Qb3 b6 36. Rd7 Rc7 37. Rxc7 Qxc7 38. Qc4 bxc5 39. Qxc5 Qb7 40. Rd1
g5 41. Rd7 1-0